00333nam a22001337a 450000500170000000800410001702000180005804100080007608200150008410000200009924500380011926000340015730000080019120180201115019.0160427b xxu||||| |||| 00| 0 eng d a81-203-0417-9 aeng b00205a004 aMano, Morris M. aDigital Logic and Computer Design aNew DelhibPHI Pvt Ltd.c2000 a612